[Event "CZE-chT 1011"]
[Site "Czech Republic"]
[Date "2010.12.05"]
[Round "4.7"]
[White "Zpevak, Pavel"]
[Black "Stehno, Pavel"]
[Result "1-0"]
[WhiteElo "2391"]
[BlackElo "2335"]
[PlyCount "56"]
[EventDate "2010.11.05"]
[EventType "team-tourn"]
[EventRounds "11"]
[EventCountry "CZE"]
[SourceTitle "CBM 139 Extra"]
[Source "ChessBase"]
[SourceDate "2011.01.05"]
[SourceVersion "1"]
[SourceVersionDate "2011.01.05"]
[SourceQuality "1"]
[WhiteTeam "Litovel"]
[BlackTeam "Pardubice"]
[WhiteTeamCountry "CZE"]
[BlackTeamCountry "CZE"]

1. d4 g6 2. Nf3 Nf6 3. c4 Bg7 4. Nc3 0-0 5. Bg5 d6 6. e3 Nbd7 7. Be2 a6 8. 0-0 c6 9. Nd2 b5 10. b4 h6 11. Bh4 Rb8 12. c5 dxc5 13. dxc5 Ne8 14. Qc2 Nc7 15. Nb3 g5 16. Bg3 f5 17. Na5 Bb7 18. Bf3 Rf6 19. Rad1 Qc8 20. Rd2 Nf8 21. Rfd1 Nce6 22. Bxb8 Qxb8 23. Bxc6 Bxc6 24. Nxc6 Qb7 25. Nd5 Rf7 26. Na5 Qa8 27. c6 Be5 28. c7 Qc8 1-0

[Event "CZE-chT 1011"]
[Site "Czech Republic"]
[Date "2010.11.06"]
[Round "1.7"]
[White "Orsag, Milan"]
[Black "Stehno, Pavel"]
[Result "1-0"]
[WhiteElo "2426"]
[BlackElo "2335"]
[PlyCount "75"]
[EventDate "2010.11.05"]
[EventType "team-tourn"]
[EventRounds "11"]
[EventCountry "CZE"]
[SourceTitle "EXT 2011"]
[Source "ChessBase"]
[SourceDate "2010.11.26"]
[SourceVersion "1"]
[SourceVersionDate "2010.11.26"]
[SourceQuality "1"]
[WhiteTeam "Praha Mahrla"]
[BlackTeam "Pardubice"]
[WhiteTeamCountry "CZE"]
[BlackTeamCountry "CZE"]

1. d4 b5 2. e4 a6 3. Nf3 e6 4. Bd3 c5 5. c3 Bb7 6. 0-0 d6 7. Re1 Nd7 8. Nbd2 e5 9. b3 Ngf6 10. Bb2 Qc7 11. a4 bxa4 12. Rxa4 Be7 13. Qe2 a5 14. d5 Nb6 15. Bb5+ Nfd7 16. Ra3 0-0 17. c4 f5 18. exf5 Rxf5 19. Bc3 Raf8 20. Bxa5 Nf6 21. Rf1 Bc8 22. b4 Bd8 23. bxc5 Qxc5 24. Qe3 Qxe3 25. fxe3 e4 26. Nd4 Rg5 27. Rf4 Bh3 28. g3 Bc7 29. Bb4 Re5 30. Ra7 g5 31. Rxf6 Rxf6 32. Rxc7 h5 33. Bc3 Rf8 34. Ne6 Ra8 35. Bxe5 dxe5 36. Rg7+ Kh8 37. Rxg5 Bg4 38. h3 1-0

[Event "CZE-chT 0910"]
[Site "Czech Republic"]
[Date "2010.02.14"]
[Round "7.6"]
[White "Chytilek, Roman"]
[Black "Stehno, Pavel"]
[Result "1/2-1/2"]
[WhiteElo "2390"]
[BlackElo "2363"]
[PlyCount "94"]
[EventDate "2009.11.07"]
[EventType "team-tourn"]
[EventRounds "11"]
[EventCountry "CZE"]
[SourceTitle "CBM 135 Extra"]
[Source "ChessBase"]
[SourceDate "2010.05.04"]
[SourceVersion "1"]
[SourceVersionDate "2010.05.04"]
[SourceQuality "1"]
[WhiteTeam "Zlin"]
[BlackTeam "Pardubice"]
[WhiteTeamCountry "CZE"]
[BlackTeamCountry "CZE"]

1. d4 Nf6 2. Nf3 g6 3. c4 Bg7 4. Nc3 0-0 5. e4 d6 6. Be2 e5 7. 0-0 exd4 8. Nxd4 Nbd7 9. Be3 Re8 10. f3 c6 11. Qd2 a5 12. Rfd1 Qc7 13. Rac1 b6 14. b3 Bb7 15. a3 Rad8 16. Bf1 Nf8 17. Qf2 Ba8 18. b4 axb4 19. axb4 Qe7 20. Nde2 c5 21. Nf4 Ne6 22. Nxe6 Qxe6 23. Qd2 Nh5 24. Na4 f5 25. Nxb6 fxe4 26. f4 Bd4 27. Nxa8 Bxe3+ 28. Qxe3 Rxa8 29. bxc5 dxc5 30. Rd5 Rac8 31. Rcd1 Ng7 32. Re5 Qc6 33. Re1 Rxe5 34. fxe5 Nf5 35. Qxe4 Qxe4 36. Rxe4 Kf7 37. Be2 Nd4 38. Bg4 Ra8 39. h4 Ra4 40. e6+ Ke7 41. Rf4 h5 42. Rf7+ Ke8 43. Bh3 Rxc4 44. Rc7 Ne2+ 45. Kf2 Nf4 46. Kg3 Nxh3 47. Kxh3 Re4 1/2-1/2

[Event "CZE-chT 0910"]
[Site "Czech Republic"]
[Date "2009.12.05"]
[Round "3.7"]
[White "Stehno, Pavel"]
[Black "Michenka, Jozef"]
[Result "1/2-1/2"]
[WhiteElo "2363"]
[BlackElo "2375"]
[PlyCount "112"]
[EventDate "2009.11.07"]
[EventType "team-tourn"]
[EventRounds "11"]
[EventCountry "CZE"]
[SourceTitle "CBM 133 Extra"]
[Source "ChessBase"]
[SourceDate "2010.01.05"]
[SourceVersion "1"]
[SourceVersionDate "2010.01.05"]
[SourceQuality "1"]
[WhiteTeam "Pardubice"]
[BlackTeam "Ostrava"]
[WhiteTeamCountry "CZE"]
[BlackTeamCountry "CZE"]

1. Nf3 Nf6 2. g3 b6 3. c4 Bb7 4. d4 e6 5. Bg2 Be7 6. 0-0 0-0 7. Nc3 Ne4 8. Qc2 Nxc3 9. Qxc3 d6 10. b4 a5 11. b5 Nd7 12. a4 Rc8 13. Qd2 Nf6 14. Ba3 c5 15. Rfd1 Qc7 16. Rac1 Rfd8 17. Qe3 h6 18. h3 Re8 19. Bb2 Nd7 20. d5 exd5 21. cxd5 Bf6 22. Qd2 Bxd5 23. Qxd5 Bxb2 24. Rc2 Nf6 25. Qf5 Be5 26. Nh4 g6 27. Qd3 d5 28. Kh1 Rcd8 29. f4 Bd6 30. Qc3 Be7 31. Rcd2 Ne4 32. Bxe4 dxe4 33. Ng2 Rxd2 34. Rxd2 Rd8 35. Ne3 Bf6 36. Qc2 Rxd2 37. Qxd2 Bd4 38. Nc4 Qd7 39. Kg2 Qe6 40. Qc2 e3 41. Qd3 h5 42. Kh2 Kg7 43. Kg2 Kh6 44. Kh2 f6 45. Na3 Qa2 46. Nc4 Qxa4 47. Nxb6 Qb4 48. Nd5 Qe1 49. b6 Qf2+ 50. Kh1 Qf1+ 51. Kh2 Qf2+ 52. Kh1 Qxg3 53. b7 Qxh3+ 54. Kg1 Qg4+ 55. Kh1 Qh3+ 56. Kg1 Qg3+ 1/2-1/2

[Event "CZE-chT 0910"]
[Site "Czech Republic"]
[Date "2009.11.07"]
[Round "1.7"]
[White "Walek, Milan"]
[Black "Stehno, Pavel"]
[Result "1-0"]
[WhiteElo "2350"]
[BlackElo "2363"]
[PlyCount "97"]
[EventDate "2009.11.07"]
[EventType "team-tourn"]
[EventRounds "11"]
[EventCountry "CZE"]
[SourceTitle "CBM 133 Extra"]
[Source "ChessBase"]
[SourceDate "2010.01.05"]
[SourceVersion "1"]
[SourceVersionDate "2010.01.05"]
[SourceQuality "1"]
[WhiteTeam "Trinec"]
[BlackTeam "Pardubice"]
[WhiteTeamCountry "CZE"]
[BlackTeamCountry "CZE"]

1. e4 c5 2. Nf3 Nc6 3. d4 cxd4 4. Nxd4 Nf6 5. Nc3 e5 6. Ndb5 d6 7. Nd5 Nxd5 8. exd5 Nb8 9. c4 Nd7 10. Be2 Be7 11. 0-0 0-0 12. Be3 a6 13. Nc3 f5 14. f3 Bg5 15. Bf2 b6 16. b4 Bb7 17. Qb3 Rc8 18. a4 Bd2 19. Rfd1 Qg5 20. Kh1 Qh6 21. Nb1 Bf4 22. g3 Bg5 23. a5 f4 24. g4 e4 25. Bd4 Rce8 26. Nc3 exf3 27. Bxf3 Qh3 28. Rf1 Ne5 29. Ne4 Nxg4 30. Qc2 Rxe4 31. Bxg4 Qxg4 32. Qxe4 Qh3 33. Rf3 Qh5 34. Qe6+ Kh8 35. Rh3 Qe8 36. Qxe8 Rxe8 37. axb6 Bc8 38. Rha3 h6 39. Rxa6 Bxa6 40. Rxa6 f3 41. Kg1 Kh7 42. Kf2 Rf8 43. Ra7 Bh4+ 44. Kf1 Kg6 45. Rxg7+ Kf5 46. b7 Re8 47. Bf2 Bxf2 48. Kxf2 Ke4 49. Re7+ 1-0

[Event "CZE-chT 0809"]
[Site "Czech Republic"]
[Date "2009.02.21"]
[Round "8.6"]
[White "Berezjuk, Sergej"]
[Black "Stehno, Pavel"]
[Result "0-1"]
[WhiteElo "2436"]
[BlackElo "2351"]
[PlyCount "166"]
[EventDate "2008.11.08"]
[EventType "team-tourn"]
[EventRounds "11"]
[EventCountry "CZE"]
[SourceTitle "EXT 2010"]
[Source "ChessBase"]
[SourceDate "2010.11.25"]
[SourceVersion "1"]
[SourceVersionDate "2010.11.25"]
[SourceQuality "1"]
[WhiteTeam "Frydek Mistek"]
[BlackTeam "Pardubice"]
[WhiteTeamCountry "CZE"]
[BlackTeamCountry "CZE"]

1. e4 c5 2. Nf3 Nc6 3. d4 cxd4 4. Nxd4 Nf6 5. Nc3 e5 6. Ndb5 d6 7. Bg5 a6 8. Na3 b5 9. Nd5 Be7 10. Bxf6 Bxf6 11. c3 Bg5 12. Nc2 Nb8 13. g3 Nd7 14. Bg2 0-0 15. 0-0 Bb7 16. f4 exf4 17. gxf4 Bh6 18. Qf3 g6 19. Rad1 Nb6 20. Nce3 Nxd5 21. Nxd5 Bg7 22. Qf2 Rb8 23. Kh1 f5 24. exf5 gxf5 25. Rfe1 Kh8 26. Ne7 a5 27. Bxb7 Rxb7 28. Nd5 b4 29. c4 b3 30. axb3 Rxb3 31. Rd2 Qc8 32. Rc2 Qc5 33. Qe2 Qd4 34. Ra1 Rd3 35. Rg1 Rg8 36. Qg2 Rd1 37. h3 Rxg1+ 38. Qxg1 Qxg1+ 39. Kxg1 Bxb2+ 40. Kh2 Rb8 41. c5 dxc5 42. Rxc5 a4 43. Ra5 a3 44. Ne3 Bc1 45. Nxf5 Bxf4+ 46. Kg2 Bc1 47. Kf3 Kg8 48. Nd4 Rb4 49. Nc2 Rc4 50. Nxa3 Rc3+ 51. Kg4 Bxa3 52. Rg5+ Kh8 53. Rf5 Rc4+ 54. Rf4 Rc7 55. Ra4 Be7 56. Ra6 Kg7 57. Rb6 Bf6 58. Rb3 Kg6 59. Rf3 Be5 60. Re3 Rc4+ 61. Kf3 Kf5 62. Rb3 Rc2 63. Rb7 Rc3+ 64. Kg2 Rg3+ 65. Kf2 Rxh3 66. Kg2 Rh2+ 67. Kg1 Rh4 68. Kg2 h6 69. Rf7+ Kg4 70. Re7 Rh5 71. Re8 Rg5 72. Re6 h5 73. Re8 h4 74. Ra8 Bf4 75. Ra1 Rb5 76. Rd1 Rb2+ 77. Kh1 Re2 78. Ra1 Kh3 79. Kg1 Be3+ 80. Kf1 Rf2+ 81. Ke1 Kg2 82. Ra8 Bf4 83. Rh8 Bg3 0-1

[Event "CZE-chT 0809"]
[Site "Czech Republic"]
[Date "2008.11.08"]
[Round "1.6"]
[White "Konopka, Michal"]
[Black "Stehno, Pavel"]
[Result "1-0"]
[WhiteElo "2433"]
[BlackElo "2351"]
[PlyCount "43"]
[EventDate "2008.11.08"]
[EventType "team-tourn"]
[EventRounds "11"]
[EventCountry "CZE"]
[SourceTitle "CBM 127 Extra"]
[Source "ChessBase"]
[SourceDate "2009.01.08"]
[SourceVersion "2"]
[SourceVersionDate "2009.01.28"]
[SourceQuality "1"]
[WhiteTeam "Turnov Zikuda"]
[BlackTeam "Pardubice"]
[WhiteTeamCountry "CZE"]
[BlackTeamCountry "CZE"]

1. Nf3 b5 2. e4 a6 3. a4 b4 4. d4 Bb7 5. Bd3 e6 6. 0-0 c5 7. c3 d5 8. exd5 Qxd5 9. dxc5 Bxc5 10. cxb4 Bxb4 11. Nc3 Bxc3 12. bxc3 Nf6 13. Ba3 Nbd7 14. Rb1 0-0-0 15. Qe2 Qc6 16. Rfd1 Rhe8 17. Rb4 Nc5 18. Rc4 Rd5 19. Nd4 Qd6 20. Nb3 Nfd7 21. Nxc5 Nxc5 22. Qe3 1-0

[Event "Oberliga Bayern 0708"]
[Site "Bayern"]
[Date "2008.04.06"]
[Round "8.5"]
[White "Rupp, Markus"]
[Black "Stehno, Pavel"]
[Result "1/2-1/2"]
[WhiteElo "2180"]
[BlackElo "2302"]
[PlyCount "46"]
[EventDate "2007.10.21"]
[EventType "team-tourn"]
[EventRounds "9"]
[EventCountry "GER"]
[SourceTitle "EXT 2009"]
[Source "ChessBase"]
[SourceDate "2008.11.26"]
[SourceVersion "1"]
[SourceVersionDate "2008.11.26"]
[SourceQuality "1"]
[WhiteTeam "Wuerzburg"]
[BlackTeam "Bamberg"]
[WhiteTeamCountry "GER"]
[BlackTeamCountry "GER"]

1. d4 g6 2. c4 Bg7 3. e4 d6 4. Nc3 Nd7 5. Be3 a6 6. Nge2 c6 7. Qd2 b5 8. Ng3 h5 9. Bd3 Ngf6 10. f3 bxc4 11. Bxc4 a5 12. Rd1 d5 13. Bd3 h4 14. Nge2 dxe4 15. fxe4 h3 16. g3 Ng4 17. 0-0 Ba6 18. e5 e6 19. Ne4 0-0 20. Nf4 Qb6 21. Bxa6 Rxa6 22. Rde1 Nxe3 23. Qxe3 c5 1/2-1/2

[Event "CZE-chT 0708"]
[Site "Czech Republic"]
[Date "2008.03.02"]
[Round "9.8"]
[White "Ponizil, Cyril"]
[Black "Stehno, Pavel"]
[Result "0-1"]
[WhiteElo "2295"]
[BlackElo "2322"]
[PlyCount "76"]
[EventDate "2007.11.17"]
[EventType "team-tourn"]
[EventRounds "11"]
[EventCountry "CZE"]
[SourceTitle "EXT 2009"]
[Source "ChessBase"]
[SourceDate "2008.11.26"]
[SourceVersion "1"]
[SourceVersionDate "2008.11.26"]
[SourceQuality "1"]
[WhiteTeam "Zlin"]
[BlackTeam "Pardubice"]
[WhiteTeamCountry "CZE"]
[BlackTeamCountry "CZE"]

1. e4 c5 2. Nf3 Nc6 3. d4 cxd4 4. Nxd4 Nf6 5. Nc3 e5 6. Ndb5 d6 7. Bg5 a6 8. Na3 b5 9. Bxf6 gxf6 10. Nd5 f5 11. c3 Bg7 12. exf5 Bxf5 13. Nc2 0-0 14. Nce3 Be6 15. Bd3 f5 16. 0-0 Kh8 17. Bc2 Ne7 18. Nxe7 Qxe7 19. Nd5 Qf7 20. Bb3 Rfd8 21. Qd2 Rac8 22. Rfd1 Rc5 23. a4 e4 24. axb5 axb5 25. Ra5 Be5 26. Ba2 Rg8 27. b4 Rcc8 28. Qe2 Rg7 29. f4 exf3 30. Qxf3 Rcg8 31. Rd2 f4 32. Nb6 Bxa2 33. Rdxa2 Qb3 34. Qd3 f3 35. g3 Bxg3 36. hxg3 Rxg3+ 37. Kh2 Rh3+ 38. Kxh3 Qe6+ 0-1

[Event "CZE-chT 0708"]
[Site "Czech Republic"]
[Date "2008.02.03"]
[Round "7.8"]
[White "Michenka, Jozef"]
[Black "Stehno, Pavel"]
[Result "0-1"]
[WhiteElo "2382"]
[BlackElo "2322"]
[PlyCount "76"]
[EventDate "2007.11.17"]
[EventType "team-tourn"]
[EventRounds "11"]
[EventCountry "CZE"]
[SourceTitle "EXT 2009"]
[Source "ChessBase"]
[SourceDate "2008.11.26"]
[SourceVersion "1"]
[SourceVersionDate "2008.11.26"]
[SourceQuality "1"]
[WhiteTeam "Litovel"]
[BlackTeam "Pardubice"]
[WhiteTeamCountry "CZE"]
[BlackTeamCountry "CZE"]

1. d4 Nf6 2. c4 g6 3. Nc3 Bg7 4. e4 d6 5. Bd3 0-0 6. Nge2 Nc6 7. 0-0 Nd7 8. Be3 e5 9. d5 Nd4 10. Qd2 c5 11. dxc6 bxc6 12. Rad1 Nc5 13. Bb1 Nce6 14. Kh1 f5 15. exf5 gxf5 16. f4 Qh4 17. Bf2 Qg4 18. h3 Qg6 19. Bh4 Rf7 20. Qe1 Ba6 21. b3 Raf8 22. Rd3 Qh6 23. Qf2 Kh8 24. Bg3 Bb7 25. Re3 Nxe2 26. Nxe2 e4 27. Bh4 d5 28. Bg5 Nxg5 29. fxg5 Qxg5 30. Rg3 Qh6 31. Nf4 Be5 32. Qd2 Qd6 33. Rg5 d4 34. c5 Qh6 35. Nd3 Bg7 36. Ne5 Re7 37. Qf4 Rxe5 38. h4 Qf6 0-1

[Event "CZE-chT 0708"]
[Site "Czech Republic"]
[Date "2008.01.13"]
[Round "5.8"]
[White "Stehno, Pavel"]
[Black "Svoboda, Milos"]
[Result "1-0"]
[WhiteElo "2322"]
[BlackElo "2176"]
[PlyCount "73"]
[EventDate "2007.11.17"]
[EventType "team-tourn"]
[EventRounds "11"]
[EventCountry "CZE"]
[SourceTitle "EXT 2009"]
[Source "ChessBase"]
[SourceDate "2008.11.26"]
[SourceVersion "1"]
[SourceVersionDate "2008.11.26"]
[SourceQuality "1"]
[WhiteTeam "Pardubice"]
[BlackTeam "Plzen"]
[WhiteTeamCountry "CZE"]
[BlackTeamCountry "CZE"]

1. e4 e5 2. Nf3 Nc6 3. Bb5 a6 4. Ba4 Nf6 5. 0-0 Be7 6. Re1 b5 7. Bb3 d6 8. c3 0-0 9. h3 Nb8 10. d4 Nbd7 11. Nbd2 Bb7 12. Bc2 Re8 13. Nf1 Bf8 14. Ng3 g6 15. b3 Bg7 16. Bb2 h5 17. d5 Bh6 18. a4 Qe7 19. axb5 axb5 20. Qd3 c6 21. dxc6 Bxc6 22. c4 Nc5 23. Qc3 Qb7 24. cxb5 Qxb5 25. Rad1 Red8 26. Nd2 Bf4 27. Nc4 Bxg3 28. Qxg3 Ncxe4 29. Qf3 Qb4 30. Rxe4 Nxe4 31. Bxe4 Bxe4 32. Qxe4 Qxb3 33. Rxd6 Re8 34. Bxe5 Qb4 35. Rxg6+ Kf8 36. Bg7+ Kg8 37. Bc3+ 1-0

[Event "Oberliga Bayern 0708"]
[Site "Bayern"]
[Date "2007.11.04"]
[Round "2.5"]
[White "Pauli, Alexander"]
[Black "Stehno, Pavel"]
[Result "0-1"]
[WhiteElo "2184"]
[BlackElo "2322"]
[PlyCount "54"]
[EventDate "2007.10.21"]
[EventType "team-tourn"]
[EventRounds "9"]
[EventCountry "GER"]
[SourceTitle "EXT 2009"]
[Source "ChessBase"]
[SourceDate "2008.11.26"]
[SourceVersion "1"]
[SourceVersionDate "2008.11.26"]
[SourceQuality "1"]
[WhiteTeam "Nuernberg NT"]
[BlackTeam "Bamberg"]
[WhiteTeamCountry "GER"]
[BlackTeamCountry "GER"]

1. e4 g6 2. d4 Bg7 3. Be3 d6 4. Qd2 Nd7 5. Nc3 a6 6. g4 b5 7. Bg2 Bb7 8. h3 h6 9. f4 e6 10. 0-0-0 Nb6 11. b3 Nf6 12. g5 hxg5 13. fxg5 Nfd7 14. e5 Bxg2 15. Qxg2 dxe5 16. Nf3 b4 17. Ne4 Nd5 18. Bf2 0-0 19. dxe5 Nxe5 20. Bc5 Re8 21. Bxb4 Qb8 22. Bc5 Qb5 23. Nxe5 Bxe5 24. c4 Nf4 25. Qg4 Qa5 26. Nf6+ Kg7 27. Nd7 Qc3+ 0-1

[Event "BL2-Ost 0607"]
[Site "Germany"]
[Date "2007.04.01"]
[Round "8.4"]
[White "Stehno, Pavel"]
[Black "Quast, Michael"]
[Result "1-0"]
[WhiteElo "2270"]
[BlackElo "2285"]
[PlyCount "83"]
[EventDate "2006.10.15"]
[EventType "team-tourn"]
[EventRounds "9"]
[EventCountry "GER"]
[SourceTitle "EXT 2008"]
[Source "ChessBase"]
[SourceDate "2007.11.25"]
[SourceVersion "1"]
[SourceVersionDate "2007.11.25"]
[SourceQuality "1"]
[WhiteTeam "Bamberg"]
[BlackTeam "Gohlis"]
[WhiteTeamCountry "GER"]
[BlackTeamCountry "GER"]

1. e4 e5 2. Nf3 Nf6 3. Nc3 Nc6 4. a3 g6 5. Bc4 Bg7 6. d3 d6 7. h3 Be6 8. Bxe6 fxe6 9. 0-0 0-0 10. Ne2 Nh5 11. c3 Qd7 12. d4 exd4 13. Nfxd4 Nxd4 14. cxd4 c6 15. Be3 Rf7 16. Qd2 Qe7 17. Rad1 Nf6 18. f3 d5 19. e5 Nd7 20. Bg5 Qe8 21. Rfe1 b6 22. b4 b5 23. h4 Nb6 24. h5 gxh5 25. Ng3 Nc4 26. Qe2 Rf8 27. f4 Qg6 28. Nxh5 h6 29. Bf6 Bxf6 30. Nxf6+ Rxf6 31. exf6 Re8 32. f5 Qxf6 33. fxe6 Nd6 34. Qf3 Qg6 35. Rc1 Nc4 36. e7 Qg5 37. Rc3 Rxe7 38. Rxe7 Qxe7 39. Qg4+ Kh7 40. Qf5+ Kh8 41. Qc8+ Kh7 42. Rg3 1-0

[Event "BL2-Ost 0607"]
[Site "Germany"]
[Date "2007.03.18"]
[Round "7.3"]
[White "Stehno, Pavel"]
[Black "Wegener, Dirk"]
[Result "1-0"]
[WhiteElo "2270"]
[BlackElo "2350"]
[PlyCount "127"]
[EventDate "2006.10.15"]
[EventType "team-tourn"]
[EventRounds "9"]
[EventCountry "GER"]
[SourceTitle "EXT 2008"]
[Source "ChessBase"]
[SourceDate "2007.11.25"]
[SourceVersion "1"]
[SourceVersionDate "2007.11.25"]
[SourceQuality "1"]
[WhiteTeam "Bamberg"]
[BlackTeam "Dresden"]
[WhiteTeamCountry "GER"]
[BlackTeamCountry "GER"]

1. e4 e6 2. d4 d5 3. e5 c5 4. c3 Nc6 5. Nf3 Qb6 6. Be2 cxd4 7. cxd4 Nh6 8. Nc3 Nf5 9. Na4 Bb4+ 10. Bd2 Qa5 11. Bc3 Bd7 12. a3 Bxc3+ 13. Nxc3 0-0 14. b4 Qb6 15. Na4 Qd8 16. Nc5 b6 17. Na6 Nh4 18. b5 Nxf3+ 19. Bxf3 Nb8 20. Nxb8 Qxb8 21. a4 a6 22. Be2 axb5 23. axb5 Qb7 24. 0-0 Rxa1 25. Qxa1 Ra8 26. Qb2 Qa7 27. Bd3 Qa3 28. Qb1 g6 29. h4 Qc3 30. h5 Be8 31. Rd1 Ra4 32. Bf1 Rxd4 33. Re1 Rb4 34. Qd1 Bxb5 35. Re3 Qc5 36. Ra3 Rb2 37. Ra8+ Kg7 38. Qf3 Qe7 39. Qe3 h6 40. Qc1 Rb4 41. Qc8 Qe8 42. Qxe8 Bxe8 43. Rxe8 gxh5 44. f3 h4 45. Rc8 Rb3 46. Kf2 b5 47. Rc2 b4 48. Rd2 f6 49. f4 Rc3 50. Bd3 h5 51. Ke3 Rc7 52. Rb2 fxe5 53. fxe5 Rb7 54. Kd4 b3 55. Kc3 Kh6 56. Rxb3 Rg7 57. Rb6 Rxg2 58. Rxe6+ Kg7 59. Re7+ Kf8 60. Rh7 Rg5 61. Kd4 h3 62. e6 Rg7 63. Rxg7 Kxg7 64. Kxd5 1-0

[Event "CZE-chT 0607"]
[Site "Czech Republic"]
[Date "2007.03.10"]
[Round "8.8"]
[White "Stehno, Pavel"]
[Black "Frolik, Martin"]
[Result "1/2-1/2"]
[WhiteElo "2297"]
[BlackElo "2260"]
[PlyCount "111"]
[EventDate "2006.12.01"]
[EventType "team"]
[EventRounds "11"]
[EventCountry "CZE"]
[SourceTitle "EXT 2008"]
[Source "ChessBase"]
[SourceDate "2007.11.25"]
[SourceVersion "1"]
[SourceVersionDate "2007.11.25"]
[SourceQuality "1"]
[WhiteTeam "Pardubice"]
[BlackTeam "Trinec"]
[WhiteTeamCountry "CZE"]
[BlackTeamCountry "CZE"]

1. e4 c5 2. Nc3 Nc6 3. Bb5 Nd4 4. Bc4 e6 5. d3 d6 6. Nf3 Ne7 7. Nxd4 cxd4 8. Ne2 Nc6 9. 0-0 Be7 10. h3 0-0 11. Kh1 Rb8 12. a4 a6 13. Bd2 b5 14. axb5 axb5 15. Bb3 Bd7 16. f4 Kh8 17. f5 Bf6 18. Ng3 Be5 19. Qg4 exf5 20. exf5 Ne7 21. Ra7 Ra8 22. Rxa8 Qxa8 23. Bf4 Nd5 24. Bxe5 dxe5 25. Nh5 Rg8 26. Qe2 Ne3 27. Rf2 Bxf5 28. Bxf7 Rf8 29. Bb3 Bd7 30. Rxf8+ Qxf8 31. Ng3 Qa8 32. Kh2 Bc6 33. Qh5 Be8 34. Qf3 Qxf3 35. gxf3 Bc6 36. Ne4 Bxe4 37. dxe4 b4 38. Kg3 g5 39. Kf2 Kg7 40. c3 bxc3 41. bxc3 Kf6 42. c4 Ke7 43. c5 Kd7 44. Ba4+ Kc7 45. Be8 Nc2 46. Kg3 Ne3 47. Bb5 Kb7 48. h4 h6 49. hxg5 hxg5 50. Kh3 Kc7 51. Kg3 Kd8 52. Kh3 Ke7 53. Kg3 Ke6 54. Kh3 Ke7 55. Kg3 Ke6 56. Kh3 1/2-1/2

[Event "CZE-chT1W 0607"]
[Site "Czech Republic"]
[Date "2006.11.26"]
[Round "3.1"]
[White "Stehno, Pavel"]
[Black "Petr, Martin"]
[Result "1/2-1/2"]
[WhiteElo "2273"]
[BlackElo "2417"]
[PlyCount "83"]
[EventDate "2006.10.29"]
[EventType "team"]
[EventRounds "11"]
[EventCountry "CZE"]
[SourceTitle "EXT 2009"]
[Source "ChessBase"]
[SourceDate "2008.11.26"]
[SourceVersion "1"]
[SourceVersionDate "2008.11.26"]
[SourceQuality "1"]
[WhiteTeam "Chrudim"]
[BlackTeam "Polabiny"]
[WhiteTeamCountry "CZE"]
[BlackTeamCountry "CZE"]

1. e4 e6 2. d4 d5 3. e5 c5 4. c3 Nc6 5. Nf3 Bd7 6. Be2 Nge7 7. Na3 cxd4 8. cxd4 Nf5 9. Nc2 Nb4 10. Nxb4 Bxb4+ 11. Bd2 Be7 12. 0-0 Qb6 13. Kh1 0-0 14. a4 a5 15. Bd3 Qxb2 16. g4 Nh4 17. Nxh4 Bxh4 18. g5 Qxd4 19. Be3 Qb4 20. Rg1 d4 21. Bd2 Bc6+ 22. f3 Qe7 23. Qe2 h6 24. gxh6 g6 25. Rg4 Kh7 26. Kg2 f5 27. exf6 Rxf6 28. Be4 Rf5 29. Rc1 Bxe4 30. Rxe4 e5 31. Qb5 Raf8 32. f4 Kxh6 33. Rxe5 Rxe5 34. Qxe5 Qxe5 35. fxe5+ Kh5 36. Bxa5 Rf2+ 37. Kg1 Rf5 38. Bc7 Bf2+ 39. Kg2 Be3 40. Rf1 Rxf1 41. Kxf1 Kg5 42. Ke2 1/2-1/2

[Event "CZE-chT 0607"]
[Site "Czech Republic"]
[Date "2006.11.04"]
[Round "1.8"]
[White "Stehno, Pavel"]
[Black "Vltavsky, Vladimir"]
[Result "1/2-1/2"]
[WhiteElo "2310"]
[BlackElo "2239"]
[PlyCount "64"]
[EventDate "2006.12.01"]
[EventType "team"]
[EventRounds "11"]
[EventCountry "CZE"]
[SourceTitle "EXT 2007"]
[Source "ChessBase"]
[SourceDate "2006.11.23"]
[SourceVersion "1"]
[SourceVersionDate "2006.11.23"]
[SourceQuality "1"]
[WhiteTeam "Pardubice"]
[BlackTeam "Turnov Zikuda"]
[WhiteTeamCountry "CZE"]
[BlackTeamCountry "CZE"]

1. e4 e5 2. Nf3 Nc6 3. Bb5 a6 4. Ba4 Nf6 5. 0-0 Be7 6. Re1 b5 7. Bb3 d6 8. c3 Na5 9. Bc2 c5 10. d4 Qc7 11. h3 Nc6 12. d5 Nd8 13. a4 Rb8 14. axb5 axb5 15. b4 c4 16. Be3 0-0 17. Nbd2 Ne8 18. Nf1 g6 19. g4 Ng7 20. Ng3 f6 21. Nh2 Nf7 22. h4 Bd7 23. Kh1 Ra8 24. Qe2 Qb7 25. f3 Rxa1 26. Rxa1 Ra8 27. Rxa8+ Qxa8 28. Kg2 Bd8 29. Qd2 Qa6 30. Qf2 Qa1 31. Qd2 Qa6 32. Qf2 Qa1 1/2-1/2

[Event "EU-Cup 22nd"]
[Site "Fuegen"]
[Date "2006.10.12"]
[Round "5.6"]
[White "Couso, Luis"]
[Black "Stehno, Pavel"]
[Result "1/2-1/2"]
[WhiteElo "2294"]
[BlackElo "2273"]
[PlyCount "46"]
[EventDate "2006.10.08"]
[EventType "team-swiss"]
[EventRounds "7"]
[EventCountry "AUT"]
[SourceTitle "CBM 115"]
[Source "ChessBase"]
[SourceDate "2006.11.15"]
[SourceVersion "1"]
[SourceVersionDate "2006.11.15"]
[SourceQuality "1"]
[WhiteTeam "Sollentuna"]
[BlackTeam "Pardubice"]
[WhiteTeamCountry "SWE"]
[BlackTeamCountry "CZE"]

1. e4 c5 2. Nf3 Nc6 3. d4 cxd4 4. Nxd4 Nf6 5. Nc3 e5 6. Ndb5 d6 7. Bg5 a6 8. Na3 b5 9. Nd5 Be7 10. Bxf6 Bxf6 11. c3 Bg5 12. Nc2 Rb8 13. a4 bxa4 14. Ncb4 Bd7 15. Bxa6 Nxb4 16. Nxb4 Qa5 17. Qxd6 Rb6 18. Qd3 Be7 19. Nd5 Rxb2 20. 0-0 Qc5 21. Rab1 Rxb1 22. Rxb1 0-0 23. Bb5 Be8 1/2-1/2

[Event "Olomouc Proclient Cup"]
[Site "Olomouc"]
[Date "2006.08.10"]
[Round "11.1"]
[White "Stehno, Pavel"]
[Black "Malinovsky, Karel"]
[Result "1-0"]
[WhiteElo "2297"]
[BlackElo "2346"]
[PlyCount "109"]
[EventDate "2006.08.02"]
[EventType "tourn"]
[EventRounds "11"]
[EventCountry "CZE"]
[EventCategory "3"]
[SourceTitle "CBM 113 Extra"]
[Source "ChessBase"]
[SourceDate "2006.09.14"]
[SourceVersion "1"]
[SourceVersionDate "2006.09.14"]
[SourceQuality "1"]

1. e4 e5 2. Nf3 Nc6 3. Bb5 a6 4. Ba4 Nf6 5. 0-0 Be7 6. Re1 b5 7. Bb3 d6 8. c3 0-0 9. h3 Na5 10. Bc2 c5 11. d4 Qc7 12. Nbd2 cxd4 13. cxd4 Nc6 14. d5 Nb4 15. Bb1 a5 16. a3 Na6 17. b4 axb4 18. axb4 Bd7 19. Qb3 Rfc8 20. Bb2 Qb7 21. Bd3 Bd8 22. Nb1 Nh5 23. Nc3 Bb6 24. Rad1 g6 25. Rd2 Nc7 26. Kh2 Rf8 27. Qd1 Qa7 28. Rf1 Nf4 29. Bc2 Qb8 30. Ng1 Qd8 31. g3 Nh5 32. f3 Kh8 33. Rg2 Na6 34. Na2 f6 35. Qd2 Qe7 36. Ne2 Rfc8 37. Bb3 Kg8 38. Bc3 Nc7 39. Nac1 Ng7 40. Nd3 Kh8 41. f4 Rf8 42. Bb2 Nce8 43. g4 exf4 44. Qxf4 Rg8 45. Ng3 g5 46. Qf3 Ra7 47. Re2 Bc7 48. Kg2 Qd8 49. Rfe1 Qc8 50. Rc2 h5 51. gxh5 Kh7 52. Rf2 Rf8 53. Rc1 f5 54. Qe3 Ra6 55. Qxg5 1-0